| 000 | 00468nam a2200181 i 4500 | ||
|---|---|---|---|
| 001 | 70764 | ||
| 003 | ES-MaACL | ||
| 005 | 20230906170920.0 | ||
| 007 | t| | ||
| 008 | 040802s1902 xxk |||| |beng d | ||
| 080 | _a75Hogarth, William | ||
| 100 | 1 |
_aGarnett, Edward. _955598 |
|
| 245 | 1 | 0 |
_aHogarth / _cEdward Garnett. |
| 260 |
_aLondon : _bDuckworth, _c[1902] |
||
| 300 |
_aXV, 208 p. ; _c15 cm. |
||
| 600 | 1 | 4 |
_aHogarth, William. _963975 |
| 852 |
_aES-MaACL _jF-459 |
||
| 999 |
_c70764 _d70764 |
||